Economic and social survey of Asia and the Pacific, 2016 : (Record no. 22106)
[ view plain ]
| 000 -LEADER | |
|---|---|
| fixed length control field | 00744cam a22002297i 4500 |
| 020 ## - INTERNATIONAL STANDARD BOOK NUMBER | |
| ISBN | 9789210579230 (pdf) |
| 020 ## - INTERNATIONAL STANDARD BOOK NUMBER | |
| ISBN | 9789211207156 |
| 022 ## - INTERNATIONAL STANDARD SERIAL NUMBER | |
| ISSN | 02525704 |
| 040 ## - CATALOGING SOURCE | |
| Transcribing agency | DLC |
| 082 ## - DEWEY DECIMAL CLASSIFICATION NUMBER | |
| Classification number | ESC ECO 2016 A006 Or. |
| 100 1# - MAIN ENTRY--AUTHOR NAME | |
| Personal name | Akhtar, Shamshad, |
| 245 10 - TITLE STATEMENT | |
| Title | Economic and social survey of Asia and the Pacific, 2016 : |
| Remainder of title | nurturing productivity for inclusive growth and sustainable development / |
| 300 ## - PHYSICAL DESCRIPTION | |
| Number of Pages | 1 online resource (142 pages) : |
| Other physical details | |
| 500 ## - GENERAL NOTE | |
| General note | "ISSN 0252-5704"--Page ii. |
| 650 #0 - SUBJECT ADDED ENTRY--TOPICAL TERM | |
| Topical Term | Economic development |
| 650 #0 - SUBJECT ADDED ENTRY--TOPICAL TERM | |
| Topical Term | Economic development |
| 700 1# - ADDED ENTRY--PERSONAL NAME | |
| Personal name | Hahm, Hongjoo, |
| 700 1# - ADDED ENTRY--PERSONAL NAME | |
| Personal name | Hasan, Aynul, |
| 710 2# - ADDED ENTRY--CORPORATE NAME | |
| Corporate name or jurisdiction name as entry element | United Nations. |
| 856 41 - ELECTRONIC LOCATION AND ACCESS | |
| Uniform Resource Identifier | https://hdl.loc.gov/loc.gdc/gdcebookspublic.2018333457 |
| 942 ## - ADDED ENTRY ELEMENTS (KOHA) | |
| Koha item type | ADB |
No items available.